Reagent chemicals : specifications and procedures : American Chemical Society specifications, official from January 1, 2006 /
Guardado en:
| Autores Corporativos: | , |
|---|---|
| Formato: | Libro |
| Idioma: | English |
| Publicado: |
Washington, DC : New York :
American Chemical Society ; Oxford University Press,
2006.
|
| Edición: | 10th ed. |
| Materias: | |
| Acceso en línea: | Table of contents only Publisher description |
| Etiquetas: |
Agregar Etiqueta
Sin Etiquetas, Sea el primero en etiquetar este registro!
|
| LEADER | 01243cam a2200265 a 4500 | ||
|---|---|---|---|
| 001 | EIQ.libpla004447 | ||
| 008 | 050331s2006####dcua#####b####001#0#eng## | ||
| 005 | 20131017111143.0 | ||
| 245 | 1 | 0 | |a Reagent chemicals : |b specifications and procedures : American Chemical Society specifications, official from January 1, 2006 / |c ACS Committee on Analytical Reagents. Paul A. Bouis, Chair. |
| 250 | |a 10th ed. | ||
| 260 | |a Washington, DC : |b American Chemical Society ; |a New York : |b Oxford University Press, |c 2006. | ||
| 300 | |a x, 806 p. : |b il. ; |c 24 cm. | ||
| 504 | |a Incluye referencias bibliográficas (p. 770-775) e índices. | ||
| 020 | |a 0841239452 (alk. paper) | ||
| 710 | 2 | |a American Chemical Society (ACS). |b Committee on Analytical Reagents. | |
| 082 | 0 | 0 | |a 543.0284 |2 22 |
| 650 | 0 | |a Chemical tests and reagents. | |
| 650 | 0 | |a Análisis químico y reactivos | |
| 010 | |a 2005045502 | ||
| 040 | |a DLC |c DLC |d DLC | ||
| 050 | 0 | 0 | |a QD77 |b .A54 2006 |
| 856 | 4 | 1 | |3 Table of contents only |u http://www.loc.gov/catdir/toc/fy0601/2005045502.html |
| 856 | 4 | 2 | |3 Publisher description |u http://www.loc.gov/catdir/enhancements/fy0639/2005045502-d.html |
| 110 | 2 | |a American Chemical Society. | |
| 859 | |a AR-BbSID |b BIB. PLAPIQUI |h 543.0284 |i Am35 |k R |p 6329 |3 10th Ed. | ||
